Vista normal Vista MARC

Entrada Topical Term

Número de registros utilizados en: 1

001 - CONTROL NUMBER

  • control field: 13733

003 - CONTROL NUMBER IDENTIFIER

  • control field: OSt

005 - DATE AND TIME OF LATEST TRANSACTION

  • control field: 20210220000041.0

008 - FIXED-LENGTH DATA ELEMENTS

  • fixed length control field: 210220|| aca||aabn | a|a d

040 ## - CATALOGING SOURCE

  • Original cataloging agency: OSt
  • Transcribing agency: OSt

150 ## - HEADING--TOPICAL TERM

  • Topical term or geographic name entry element: Bancos
  • General subdivision: prácticas corruptas
  • Geographic subdivision: Colombia

670 ## - SOURCE DATA FOUND

  • Source citation: Work cat.: (OSt): Suárez Soto, Luis Edmundo, autor 13731, Las unidades de inteligencia financiera y el sistema antilavado de activos y contra la financiación del terrorismo : , 2014